000 00434nam a2200181Ia 4500
005 20220531110801.0
008 131103s9999 xx 000 0 und d
040 _aLoreto College
041 _aEnglish
082 _aF
_bKAN
100 _aKanon,Joseph
245 4 _aThe prodigal spy
_cJoseph Kanon
260 _aNew York
_bADell Book
_c1999
300 _a537 p.
650 _aFiction in English
850 _aLCLIB
942 _cBK
999 _c14779
_d65258